000 01213nam0a2200301 4500
001 RU\NLR\ONL2\12662
005 20260408171754.0
035 _a(NLR Aleph) 009660248
090 _a13537757
_c13537757
100 _a20081101d1968 u y0rusy50 ca
101 0 _aaze
102 _aAZ
105 _ay |||||||||
200 1 _aБитки hучеjрэсинин гурулушу
_eмуhазирэ мэтни
_fЧ. М. Багыров
_gАзэрб. ССР Али вэ Орта ихт. тэhс. наз. h. Зэрдаби ад. Кировабад дөв. Пед. ин-ту
210 _aКировабад
_ch. Зэрдаби ад. Кировабад дөв. Пед. ин-ту
_d1968
215 _a27 с.
_d21
541 1 _6z01790
_a[Структура клетки растений
_eтекст лекции]
_zrus
606 _aКлетки (биол.)
_xСтруктура
_91497059
_3RU\NLR\auth\66647593
686 1 _aЕ05 я73
700 1 _aБагыров
_bЧ. М.
_4070
790 1 _6z01541
_aБагиров
_bДж. М.
_4070
801 0 _aRU
_bNLR
_c20090204
_gPSBO
852 _aNLR
_bОНЛ
_jАзерб./3-8695
942 _cBOOK
980 _aONL_RF
980 _aNB